Terapia, personalidad y relaciones interpersonales / (Record no. 34302)
[ view plain ]
| 000 -CABECERA | |
|---|---|
| campo de control de longitud fija | 01035nam a2200253 a 4500 |
| 001 - NÚMERO DE CONTROL | |
| campo de control | 000034811 |
| 005 - FECHA Y HORA DE LA ÚLTIMA TRANSACCIÓN | |
| campo de control | 20200930073922.0 |
| 008 - DATOS DE LONGITUD FIJA--INFORMACIÓN GENERAL | |
| campo de control de longitud fija | 111020s1978 ag 000 0 spa d |
| 040 ## - FUENTE DE LA CATALOGACIÓN | |
| Centro catalogador/agencia de origen | DO-SdBNP |
| Lengua de catalogación | spa |
| Centro/agencia transcriptor | BNPHU |
| 082 ## - NÚMERO DE LA CLASIFICACIÓN DECIMAL DEWEY | |
| Número de clasificación | xxxx |
| Número de documento/Ítem | R724t |
| 049 ## - FONDOS LOCALES (OCLC) | |
| Fondos de biblioteca | BNGR |
| 100 1# - ENTRADA PRINCIPAL--NOMBRE DE PERSONA | |
| Nombre de persona | Rogers, Carl R. |
| 9 (RLIN) | 60327 |
| 240 10 - TÍTULO UNIFORME | |
| Título uniforme | A theory of therapy, personality, and interpersonal relationships, as developed in the client-centered |
| Lenguaje de la obra | Español |
| 245 10 - MENCIÓN DE TÍTULO | |
| Título | Terapia, personalidad y relaciones interpersonales / |
| Mención de responsabilidad, etc. | Carl R. Rogers ; traductor Ofelia Castillo, Antonio Carmona. |
| 260 ## - PUBLICACIÓN, DISTRIBUCIÓN, ETC. | |
| Lugar de publicación, distribución, etc. | Buenos aires : |
| Nombre del editor, distribuidor, etc. | Nueva Visión, |
| Fecha de publicación, distribución, etc. | 1978. |
| Lugar de fabricación/manufactura | Santo Domingo |
| Fabricante | Artes Gráfica Santo Domingo |
| 300 ## - DESCRIPCIÓN FÍSICA | |
| Extensión | 117 p. ; |
| Dimensiones | 21 cm. |
| 490 1# - MENCIÓN DE SERIE | |
| Mención de serie | Psicología comtemporánea |
| 500 ## - NOTA GENERAL | |
| Nota general | Traducido del inglés. |
| 504 ## - NOTA DE BIBLIOGRAFÍA, ETC. | |
| Nota de bibliografía, etc. | Bibliografía : p. 113 - 117 |
| 590 ## - NOTA LOCAL (RLIN) | |
| Nota local | Perteneció a la biblioteca personal de Juan Isidro Jimenes Grullón. |
| 700 12 - PUNTO DE ACCESO ADICIONAL--NOMBRE DE PERSONA | |
| Nombre de persona | Castillo, Ofelia, |
| Término indicativo de función/relación | trad. |
| 9 (RLIN) | 60328 |
| 700 12 - PUNTO DE ACCESO ADICIONAL--NOMBRE DE PERSONA | |
| Nombre de persona | Carmona, Antonio, |
| Término indicativo de función/relación | trad. |
| 9 (RLIN) | 60329 |
| 830 #0 - PUNTO DE ACCESO ADICIONAL DE SERIE-TÍTULO UNIFORME | |
| Título uniforme | Psicología comtemporánea |
| 9 (RLIN) | 60330 |
| Estado de retiro | Estado de pérdida | Restricciones de uso | No para préstamo | Código de colección | Localización permanente | Ubicación/localización actual | Ubicación en estantería | Fecha de adquisición | Número de inventario | Total de préstamos | Signatura topográfica completa | Código de barras | Fecha visto por última vez | Precio válido a partir de | Tipo de ítem Koha |
|---|---|---|---|---|---|---|---|---|---|---|---|---|---|---|---|
| Excluido de préstamo | Monografías: Libros y Folletos | General | General | En catalogación | 20.10.2011 | LF1 | xxxx R724t | 34811-10 | 25.06.2020 | 25.06.2020 | No se presta |
